000
00305nam a22001337a 4500
008
170505b xxu||||| |||| 00| 0 eng d
020
_a
9780316507202
041
_a
eng
080
_2
3 ED
_a
34
100
_a
14
101
_a
SHJ
245
_a
THE PROCES LEGA RESEARCH
_c
KUNZ.CH.L
942
_2
udc
_c
BK
999
_c
12761
_d
12761